00918nam a22001937a 4500008004100000040005500041080002400096245005500120260003700175500004300212650002500255653001500280700002800295700002900323942001300352999001700365952016900382952017300551230420b |||||||| |||| 00| 0 eng d aNational Science LibrarycNational Science Library a666.7(082.2) bK8.1 aAnisotropy in single-crystal refractory compounds  aNew York: bPlenum Press, c1968 aVol. 1 (xix, 405p.) Vol. 2 (xi, 493p.) aChemical technology  aChemistry  aVahldiek, Fred W (Ed.)  aMersol, Stanley A (Ed.)  2udccREF c21803d21803 001040666670822_K81708REF931903aNSLbNSLcGF/Rk-20/C-9/R-1d1971-06-14hVol. 1 (xix, 405p.)l0o666.7(082.2) K8.1p35148r2023-04-20 00:00:00w1971-06-14yREF 00102udc40666670822_K82708REF931904aNSLbNSLcGF/Rk-20/C-9/R-1d1971-06-14hVol. 2 (xi, 493p.)l0o666.7(082.2) K8.2p35149r2023-04-20 00:00:00w1971-06-14yREF